[Event "FIDE WCC Blitz Women 2019"]
[Site "Moscow"]
[Date "2019.12.29"]
[Round "1.1"]
[White "Lagno, Kateryna"]
[Black "Tomilova, Elena"]
[Result "1-0"]
[WhiteElo "2606"]
[BlackElo "2219"]
[Annotator "ChessBase"]
[PlyCount "113"]
[EventDate "2019.12.29"]
[EventType "swiss"]
[EventCountry "RUS"]
[SourceTitle "playchess.com"]
[Source "ChessBase"]
[SourceQuality "1"]

1. e4 d5 2. exd5 Qxd5 3. Nc3 Qd6 4. d4 Nf6 5. Nb5 Qb6 6. c4 c6 7. Nc3 g6 8. h3 Bg7 9. Nf3 O-O 10. Bd3 Qc7 11. O-O Nbd7 12. Re1 Re8 13. Bg5 e5 14. Qd2 exd4 15. Nxd4 Rxe1+ 16. Rxe1 Nf8 17. Bf4 Qd8 18. Be5 Ne6 19. Bc2 Nxd4 20. Bxd4 Be6 21. b3 c5 22. Be3 b6 23. Qe2 Qc7 24. Qf3 Re8 25. Bf4 Qc8 26. Nb5 Qa8 27. Qxa8 Rxa8 28. Nc7 Rd8 29. Nxe6 fxe6 30. Rxe6 Kf7 31. Re1 Nh5 32. Be3 Bd4 33. Rd1 Nf6 34. Kf1 Ne8 35. Be4 Nc7 36. Ke2 a6 37. g3 Re8 38. Kf3 Rd8 39. Bxd4 cxd4 40. Bd5+ Nxd5 41. Rxd4 Rb8 42. Rxd5 Ke6 43. Ke4 h6 44. f4 b5 45. cxb5 axb5 46. g4 b4 47. f5+ gxf5+ 48. gxf5+ Kf6 49. Rd6+ Kg5 50. Rg6+ Kh5 51. Rg2 Re8+ 52. Kd5 Re3 53. f6 Rxh3 54. f7 Rf3 55. Ke6 Kh4 56. Ke7 h5 57. f8=Q 1-0

[Event "FIDE WCC Blitz Women 2019"]
[Site "Moscow"]
[Date "2019.12.29"]
[Round "1.2"]
[White "Kovanova, Baira"]
[Black "Lei, Tingjie"]
[Result "0-1"]
[WhiteElo "2218"]
[BlackElo "2543"]
[Annotator "ChessBase"]
[PlyCount "58"]
[EventDate "2019.12.29"]
[EventType "swiss"]
[EventCountry "RUS"]
[SourceTitle "playchess.com"]
[Source "ChessBase"]
[SourceQuality "1"]

1. Nf3 d5 2. g3 g6 3. Bg2 Bg7 4. O-O e5 5. d3 Ne7 6. Nbd2 O-O 7. e4 Nbc6 8. Qe2 Re8 9. Re1 Rb8 10. b3 b6 11. Bb2 Bb7 12. a3 h6 13. Rad1 Qd7 14. b4 d4 15. c3 dxc3 16. Bxc3 Qe6 17. Nc4 Rbd8 18. b5 Nd4 19. Nxd4 exd4 20. Bb2 a6 21. bxa6 Bxa6 22. Rc1 c5 23. Qd2 b5 24. Na5 c4 25. dxc4 bxc4 26. Qb4 c3 27. Ba1 Rb8 28. Qc5 Rec8 29. Qa7 Ra8 0-1

[Event "FIDE WCC Blitz Women 2019"]
[Site "Moscow"]
[Date "2019.12.29"]
[Round "1.4"]
[White "Charochkina, Daria"]
[Black "Muzychuk, Anna"]
[Result "1/2-1/2"]
[WhiteElo "2212"]
[BlackElo "2504"]
[Annotator "ChessBase"]
[PlyCount "106"]
[EventDate "2019.12.29"]
[EventType "swiss"]
[EventCountry "RUS"]
[SourceTitle "playchess.com"]
[Source "ChessBase"]
[SourceQuality "1"]

1. e4 e6 2. d4 d5 3. exd5 exd5 4. Nf3 Nf6 5. Bd3 Bd6 6. Qe2+ Qe7 7. Qxe7+ Bxe7 8. Bf4 c6 9. O-O h6 10. Ne5 Be6 11. Re1 Nbd7 12. Ng6 fxg6 13. Rxe6 Kf7 14. Re2 g5 15. Bd2 Rhe8 16. Nc3 Bd6 17. Rae1 Rxe2 18. Rxe2 Re8 19. g3 Nb6 20. f3 Re7 21. Rxe7+ Kxe7 22. Nd1 c5 23. dxc5 Bxc5+ 24. Kg2 Nc4 25. Bc3 b5 26. b3 Nd6 27. Bd2 d4 28. Nf2 Nd5 29. Ng4 Ke6 30. f4 gxf4 31. gxf4 Nb4 32. Bxb4 Bxb4 33. Ne5 a6 34. Kf3 Bd2 35. Nc6 Kd5 36. Ne7+ Ke6 37. Ng6 Be3 38. Kg4 Kf6 39. h4 Nb7 40. b4 Nd6 41. Ne5 Bf2 42. Nd7+ Ke7 43. Nc5 Nc4 44. Nxa6 Na3 45. h5 Kd6 46. Kf5 Kc6 47. Kg6 Bg3 48. f5 Be5 49. Nc5 Nc4 50. Ne6 Ne3 51. Nxg7 Bf4 52. f6 Nd5 53. Be4 Kd6 1/2-1/2

[Event "FIDE WCC Blitz Women 2019"]
[Site "Moscow"]
[Date "2019.12.29"]
[Round "1.5"]
[White "Koneru, Humpy"]
[Black "Atalik, Ekaterina"]
[Result "1-0"]
[WhiteElo "2489"]
[BlackElo "2211"]
[Annotator "RC"]
[PlyCount "86"]
[EventDate "2019.12.29"]
[EventType "swiss"]
[EventCountry "RUS"]
[SourceTitle "playchess.com"]
[Source "ChessBase"]
[SourceQuality "1"]

1. d4 d5 2. c4 e6 3. Nf3 a6 4. cxd5 exd5 5. Nc3 Nf6 6. Bg5 Be6 7. Qb3 b6 8. e3 Nbd7 9. Be2 Bd6 10. O-O O-O 11. Rac1 h6 12. Bh4 g5 13. Bg3 Bxg3 14. hxg3 c5 15. Qc2 Qe7 16. Ne5 Nxe5 17. dxe5 Nd7 18. f4 f5 19. Bf3 d4 20. exd4 cxd4 21. Bxa8 dxc3 22. Bf3 g4 23. Be2 Rc8 24. Bxa6 Ra8 25. Be2 Rxa2 26. Qxc3 Qc5+ 27. Qxc5 Nxc5 28. Rc2 Kf7 29. Rb1 Ra4 30. b4 Ne4 31. Kh2 Ra3 32. Rc7+ Kf8 33. Rd1 Ra8 34. Bb5 h5 35. Bc6 Rb8 36. Bxe4 fxe4 37. f5 Bb3 38. Rd4 e3 39. Re4 Bd5 40. Rxe3 Ra8 41. Rd3 Be4 42. Rd4 Bb1 43. e6 Ke8 1-0

[Event "FIDE WCC Blitz Women 2019"]
[Site "Moscow"]
[Date "2019.12.29"]
[Round "1.6"]
[White "Belenkaya, Dina"]
[Black "Tan, Zhongyi"]
[Result "0-1"]
[WhiteElo "2203"]
[BlackElo "2480"]
[Annotator "ChessBase"]
[PlyCount "120"]
[EventDate "2019.12.29"]
[EventType "swiss"]
[EventCountry "RUS"]
[SourceTitle "playchess.com"]
[Source "ChessBase"]
[SourceQuality "1"]

1. e4 d6 2. d4 Nf6 3. Nc3 g6 4. f4 Bg7 5. Bd3 Nc6 6. Nf3 Bg4 7. Be3 e5 8. fxe5 dxe5 9. d5 Nd4 10. h3 Nxf3+ 11. gxf3 Bd7 12. Qd2 Nh5 13. O-O-O O-O 14. Ne2 Qe7 15. Bg5 Qd6 16. Bh6 c6 17. Bxg7 Kxg7 18. Bc4 b5 19. Bb3 c5 20. c4 Rfb8 21. Kb1 a5 22. cxb5 Bxb5 23. Rc1 Bxe2 24. Qxe2 Ng3 25. Qf2 Nxh1 26. Rxh1 a4 27. Bc4 Rb4 28. Rc1 Rab8 29. Rc2 h5 30. h4 Qb6 31. Ka1 Qa5 32. a3 R4b6 33. Ka2 Rf6 34. Qe3 Qb6 35. Ka1 Rf4 36. Qf2 Qf6 37. Be2 Rxh4 38. Qxc5 Rh2 39. d6 Rd8 40. Rd2 Rxe2 41. Rxe2 Qxd6 42. Qb5 Qd4 43. Ka2 h4 44. Rc2 h3 45. Rc4 Qd6 46. Rc6 Qe7 47. Qxa4 h2 48. Rc1 Qe6+ 49. Ka1 Qh3 50. Qa5 Re8 51. Qe1 Qxf3 52. Qh1 Qxh1 53. Rxh1 Rh8 54. a4 g5 55. a5 g4 56. b4 g3 57. a6 g2 58. Rb1 g1=Q 59. b5 h1=Q 60. Rxg1+ Qxg1+ 0-1

[Event "FIDE WCC Blitz Women 2019"]
[Site "Moscow"]
[Date "2019.12.29"]
[Round "1.7"]
[White "Khademalsharieh, Sarasadat"]
[Black "Paramzina, Anastasya"]
[Result "0-1"]
[WhiteElo "2463"]
[BlackElo "2203"]
[Annotator "ChessBase"]
[PlyCount "70"]
[EventDate "2019.12.29"]
[EventType "swiss"]
[EventCountry "RUS"]
[SourceTitle "playchess.com"]
[Source "ChessBase"]
[SourceQuality "1"]

1. d4 Nf6 2. c4 g6 3. g3 c5 4. dxc5 Na6 5. Nc3 Nxc5 6. Bg2 Bg7 7. Nh3 O-O 8. O-O d6 9. Nf4 Rb8 10. e4 a6 11. Rb1 b5 12. cxb5 axb5 13. b4 Ne6 14. Nfd5 Nxd5 15. Nxd5 Nc7 16. Bb2 Bxb2 17. Rxb2 Na8 18. h4 Nb6 19. h5 Nc4 20. Rc2 Be6 21. a4 Ne5 22. a5 Bg4 23. f3 Be6 24. Qd2 Nc4 25. Qh6 Bxd5 26. exd5 Qd7 27. Re1 Qf5 28. f4 Qxc2 29. Bf3 Qf5 30. Kg2 Qf6 31. Rh1 g5 32. fxg5 Qxh6 33. gxh6 Kh8 34. Re1 Ne5 35. Be4 Rfc8 0-1

[Event "FIDE WCC Blitz Women 2019"]
[Site "Moscow"]
[Date "2019.12.29"]
[Round "1.8"]
[White "Gvetadze, Sofio"]
[Black "Kulon, Klaudia"]
[Result "1-0"]
[WhiteElo "2202"]
[BlackElo "2457"]
[Annotator "ChessBase"]
[PlyCount "109"]
[EventDate "2019.12.29"]
[EventType "swiss"]
[EventCountry "RUS"]
[SourceTitle "playchess.com"]
[Source "ChessBase"]
[SourceQuality "1"]

1. Nf3 Nf6 2. g3 g6 3. Bg2 Bg7 4. O-O O-O 5. d3 d6 6. e4 c5 7. Nc3 Nc6 8. h3 Rb8 9. Be3 b5 10. Qd2 b4 11. Ne2 e5 12. Nh2 Nd4 13. f4 Nh5 14. Bxd4 cxd4 15. f5 d5 16. g4 Nf4 17. Nxf4 exf4 18. Qxf4 Rb6 19. exd5 g5 20. Qd2 Be5 21. Rae1 f6 22. Be4 Bb7 23. Nf3 Bf4 24. Qg2 Be3+ 25. Kh1 Rd6 26. c4 bxc3 27. bxc3 Bxd5 28. cxd4 Bf4 29. Rb1 Qa5 30. Rf2 Qa3 31. Nxg5 Bxg5 32. Bxd5+ Kh8 33. Qe4 Rxd5 34. Qxd5 Qxd3 35. Rb3 Qd1+ 36. Kg2 h5 37. Qd6 Rg8 38. Rb8 hxg4 39. Rxg8+ Kxg8 40. Qb8+ Kh7 41. Qxa7+ Kh6 42. Qf7 gxh3+ 43. Kh2 Qh5 44. Qxh5+ Kxh5 45. Kxh3 Be3 46. Re2 Bxd4 47. a4 Kg5 48. a5 Kxf5 49. a6 Kf4 50. Re7 f5 51. a7 Bxa7 52. Rxa7 Kf3 53. Ra3+ Ke4 54. Kg2 f4 55. Kf2 1-0

[Event "FIDE WCC Blitz Women 2019"]
[Site "Moscow"]
[Date "2019.12.29"]
[Round "1.9"]
[White "Stefanova, Antoaneta"]
[Black "Muetsch, Annmarie"]
[Result "1-0"]
[WhiteElo "2452"]
[BlackElo "2202"]
[Annotator "ChessBase"]
[PlyCount "69"]
[EventDate "2019.12.29"]
[EventType "swiss"]
[EventCountry "RUS"]
[SourceTitle "playchess.com"]
[Source "ChessBase"]
[SourceQuality "1"]

1. d4 Nf6 2. Nf3 g6 3. g3 Bg7 4. Bg2 O-O 5. O-O d6 6. Nc3 Nc6 7. d5 Na5 8. e4 c5 9. Re1 a6 10. a4 Bd7 11. e5 dxe5 12. Nxe5 Rc8 13. h3 Bf5 14. g4 Bd7 15. Bf4 Ne8 16. Nxd7 Qxd7 17. Qe2 Nf6 18. Qxe7 Nc4 19. Rab1 Rfe8 20. Qxd7 Nxd7 21. Ne4 Nxb2 22. Nd6 Rxe1+ 23. Rxe1 Rf8 24. Re7 Nf6 25. a5 Na4 26. Nxb7 Nc3 27. d6 Ncd5 28. Bxd5 Nxd5 29. Re4 Nxf4 30. Rxf4 f5 31. d7 Bf6 32. gxf5 Be7 33. f6 Bd8 34. f7+ Kg7 35. Nxc5 1-0

[Event "FIDE WCC Blitz Women 2019"]
[Site "Moscow"]
[Date "2019.12.29"]
[Round "1.10"]
[White "Hejazipour, Mitra"]
[Black "Harika, Dronavalli"]
[Result "1-0"]
[WhiteElo "2191"]
[BlackElo "2445"]
[Annotator "NA"]
[PlyCount "108"]
[EventDate "2019.12.29"]
[EventType "swiss"]
[EventCountry "RUS"]
[SourceTitle "playchess.com"]
[Source "ChessBase"]
[SourceQuality "1"]

1. d4 d5 2. c4 e6 3. Nf3 Nf6 4. Nc3 c6 5. e3 Nbd7 6. b3 Bb4 7. Bd2 O-O 8. Bd3 Qe7 9. O-O Re8 10. a3 Bd6 11. c5 Bc7 12. e4 dxe4 13. Nxe4 Nxe4 14. Bxe4 e5 15. Qc2 Nf6 16. Bg5 h6 17. Bxf6 Qxf6 18. dxe5 Bxe5 19. Nxe5 Rxe5 20. Rad1 Qe7 21. Bf3 Bf5 22. Qb2 Qxc5 23. Rfe1 Rae8 24. Rxe5 Qxe5 25. Qxe5 Rxe5 26. g4 Be6 27. b4 Bd5 28. Kg2 Kf8 29. Kg3 Bxf3 30. Kxf3 Ke7 31. Rd3 h5 32. h3 hxg4+ 33. hxg4 g6 34. Kf4 f6 35. Rh3 g5+ 36. Kf3 Kd6 37. Rh7 Re7 38. Rh6 Ke6 39. Rh8 Rc7 40. Ke4 Re7 41. Kd4 Rd7+ 42. Ke4 Re7 43. Kd4 b6 44. Rc8 Kd6 45. Rf8 Re6 46. Rd8+ Kc7 47. Ra8 Kb7 48. Rf8 a5 49. bxa5 bxa5 50. Kc5 Re5+ 51. Kd4 Re6 52. Kc5 Re5+ 53. Kd4 Rd5+ 54. Kc4 Rd6 1-0

[Event "FIDE WCC Blitz Women 2019"]
[Site "Moscow"]
[Date "2019.12.29"]
[Round "1.11"]
[White "Dzagnidze, Nana"]
[Black "Lysenko, Margarita"]
[Result "1-0"]
[WhiteElo "2432"]
[BlackElo "2188"]
[Annotator "TA"]
[PlyCount "91"]
[EventDate "2019.12.29"]
[EventType "swiss"]
[EventCountry "RUS"]
[SourceTitle "playchess.com"]
[Source "ChessBase"]
[SourceQuality "1"]

1. c4 e5 2. Nc3 Nf6 3. Nf3 Nc6 4. e3 Bb4 5. Nd5 Bc5 6. Qc2 d6 7. a3 a5 8. b3 Be6 9. Nc3 O-O 10. Bb2 Bg4 11. Be2 Bh5 12. O-O Bg6 13. d3 h6 14. Rad1 Re8 15. Qc1 Ba7 16. Rfe1 Ne7 17. d4 exd4 18. Nxd4 Qc8 19. h3 Nd7 20. Ndb5 Bc5 21. Nd5 Nxd5 22. cxd5 Qb8 23. Qc3 f6 24. Bg4 Ne5 25. Be6+ Kh7 26. b4 axb4 27. axb4 Bb6 28. f4 Nf7 29. Kh2 Re7 30. f5 Bh5 31. g4 Ng5 32. gxh5 Nf3+ 33. Kh1 Nxe1 34. Rxe1 c6 35. Nd4 c5 36. Nf3 cxb4 37. Qb3 Bc5 38. Nh4 Qe8 39. Ng6 Rc7 40. Rg1 Qb5 41. Nf4 Qa5 42. Qc2 Qa4 43. Qg2 Qb3 44. Bxf6 Qxe3 45. Qg6+ Kh8 46. Qxh6# 1-0

[Event "FIDE WCC Blitz Women 2019"]
[Site "Moscow"]
[Date "2019.12.29"]
[Round "1.12"]
[White "Badelka, Olga"]
[Black "Ushenina, Anna"]
[Result "0-1"]
[WhiteElo "2186"]
[BlackElo "2424"]
[Annotator "NA"]
[PlyCount "85"]
[EventDate "2019.12.29"]
[EventType "swiss"]
[EventCountry "RUS"]
[SourceTitle "playchess.com"]
[Source "ChessBase"]
[SourceQuality "1"]

1. c4 e6 2. g3 d5 3. Bg2 dxc4 4. Qa4+ c6 5. Qxc4 c5 6. Nf3 Bd7 7. O-O Bc6 8. b3 Nd7 9. Bb2 Ngf6 10. d3 Be7 11. Qc2 O-O 12. Nbd2 Rc8 13. Rac1 b6 14. Rfd1 Bb7 15. Qb1 h6 16. e4 Nb8 17. d4 cxd4 18. Rxc8 Qxc8 19. Nxd4 Rd8 20. Rc1 Qd7 21. Nc4 Bc5 22. Ne5 Qe7 23. Ne2 Nbd7 24. Nc4 Ng4 25. Bd4 Bxd4 26. Nxd4 Nge5 27. Nxe5 Nxe5 28. Nb5 Bc6 29. Nc3 Nd3 30. Rd1 Nc5 31. b4 Rxd1+ 32. Qxd1 Nd7 33. a3 Ne5 34. Qd4 f6 35. f4 Nf7 36. Kf2 Qc7 37. Bf1 e5 38. Qe3 Kh8 39. Bc4 Nd6 40. Bd5 Bxd5 41. Nxd5 Qc2+ 42. Kf3 Nc4 43. Qf2 0-1

[Event "FIDE WCC Blitz Women 2019"]
[Site "Moscow"]
[Date "2019.12.29"]
[Round "1.13"]
[White "Abdumalik, Zhansaya"]
[Black "Bivol, Alina"]
[Result "0-1"]
[WhiteElo "2415"]
[BlackElo "2186"]
[Annotator "NA"]
[PlyCount "66"]
[EventDate "2019.12.29"]
[EventType "swiss"]
[EventCountry "RUS"]
[SourceTitle "playchess.com"]
[Source "ChessBase"]
[SourceQuality "1"]

1. e4 e6 2. d4 d5 3. Nc3 Bb4 4. e5 c5 5. a3 Ba5 6. b4 cxd4 7. Nb5 Bc7 8. Nf3 Bd7 9. Nbxd4 Nc6 10. Nxc6 Bxc6 11. Bb2 Qd7 12. Bd3 Bb5 13. O-O Ne7 14. Qe2 Bxd3 15. cxd3 O-O 16. Rac1 Rac8 17. Rc2 a5 18. Rfc1 axb4 19. axb4 Bb6 20. Bd4 Bxd4 21. Nxd4 Qa4 22. Qe1 Rxc2 23. Rxc2 Nc6 24. Nxc6 Qxc2 25. Nd4 Qxd3 26. Nf3 Rc8 27. h4 h6 28. Qa1 Qc3 29. Qa5 Qc1+ 30. Kh2 Qf4+ 31. Kh3 Rc1 32. Nh2 Rh1 33. g3 Qxf2 0-1

[Event "FIDE WCC Blitz Women 2019"]
[Site "Moscow"]
[Date "2019.12.29"]
[Round "1.14"]
[White "Agrest, Inna"]
[Black "Galliamova, Alisa"]
[Result "0-1"]
[WhiteElo "2180"]
[BlackElo "2415"]
[Annotator "NA"]
[PlyCount "90"]
[EventDate "2019.12.29"]
[EventType "swiss"]
[EventCountry "RUS"]
[SourceTitle "playchess.com"]
[Source "ChessBase"]
[SourceQuality "1"]

1. e4 e5 2. Nf3 Nc6 3. Bb5 g6 4. c3 a6 5. Ba4 Bg7 6. O-O Nge7 7. d4 exd4 8. cxd4 b5 9. Bb3 Na5 10. Bc2 O-O 11. Nc3 d6 12. h3 c5 13. dxc5 dxc5 14. Bg5 Qc7 15. Qe2 Nc4 16. Bc1 Bb7 17. Rb1 Rfe8 18. Re1 Na3 19. bxa3 Bxc3 20. Rd1 Nc6 21. Bh6 Rad8 22. Qe3 Nd4 23. Nxd4 Bxd4 24. Qf3 Qe5 25. Re1 c4 26. Rbd1 Bc3 27. Rxd8 Rxd8 28. Rd1 Bd4 29. Qg4 f6 30. Bf4 Qe7 31. h4 Qd7 32. Qf3 Qe7 33. h5 g5 34. Bc1 Be5 35. Be3 Rxd1+ 36. Qxd1 Qd6 37. Qe2 Kg7 38. Qg4 h6 39. Qf5 Kf8 40. Qh7 Bc8 41. Qxh6+ Ke7 42. Qg7+ Kd8 43. h6 f5 44. h7 Bxg7 45. Bxg5+ Ke8 0-1

[Event "FIDE WCC Blitz Women 2019"]
[Site "Moscow"]
[Date "2019.12.29"]
[Round "1.15"]
[White "Gaponenko, Inna"]
[Black "Khomeriki, Nino"]
[Result "0-1"]
[WhiteElo "2415"]
[BlackElo "2177"]
[Annotator "NA"]
[PlyCount "126"]
[EventDate "2019.12.29"]
[EventType "swiss"]
[EventCountry "RUS"]
[SourceTitle "playchess.com"]
[Source "ChessBase"]
[SourceQuality "1"]

1. e4 e5 2. Nf3 Nc6 3. Bc4 Nf6 4. d4 exd4 5. e5 Ne4 6. O-O Be7 7. Re1 Nc5 8. Nxd4 Nxd4 9. Qxd4 O-O 10. Nc3 d6 11. exd6 Bxd6 12. Be3 Be6 13. Nb5 Bxc4 14. Qxc4 Ne6 15. Rad1 Qe7 16. Nxd6 cxd6 17. Qd5 Rfd8 18. c3 Rac8 19. Bxa7 Rc6 20. Be3 h6 21. h3 Qf6 22. a4 Qg6 23. a5 Qc2 24. Bb6 Rdc8 25. Qd2 Qb3 26. f4 Qb5 27. Qf2 Qf5 28. Rf1 Rc4 29. g4 Qxf4 30. Qxf4 Nxf4 31. Kh2 d5 32. Rf2 g5 33. Kg3 Re4 34. Rdd2 Re1 35. Rf3 Rce8 36. Bc7 Ne6 37. Bd6 Rd8 38. Bb4 Nf4 39. Bc5 Rde8 40. Bd6 R8e2 41. Bxf4 gxf4+ 42. Kxf4 Rxd2 43. Kf5 Rxb2 44. Rd3 Rb5 45. Kf6 Re6+ 46. Kf5 d4+ 47. Kf4 dxc3 48. Rxc3 Rxa5 49. h4 Kg7 50. h5 Kf6 51. Rb3 Ra4+ 52. Kg3 b6 53. Kh4 Rae4 54. Rf3+ Kg7 55. Rf5 R4e5 56. Rf3 b5 57. Rf4 Re4 58. Rf3 b4 59. Rf5 Rb6 60. Rf1 b3 61. Rb1 b2 62. Kg3 Rc4 63. Kh4 Rc1 0-1

[Event "FIDE WCC Blitz Women 2019"]
[Site "Moscow"]
[Date "2019.12.29"]
[Round "1.16"]
[White "Lelekova, Olga"]
[Black "Arabidze, Meri"]
[Result "0-1"]
[WhiteElo "2176"]
[BlackElo "2412"]
[Annotator "NA"]
[PlyCount "63"]
[EventDate "2019.12.29"]
[EventType "swiss"]
[EventCountry "RUS"]
[SourceTitle "playchess.com"]
[Source "ChessBase"]
[SourceQuality "1"]

1. e4 e5 2. Nf3 Nc6 3. Bb5 a6 4. Ba4 Nf6 5. Qe2 b5 6. Bb3 Bc5 7. a4 Na5 8. axb5 Nxb3 9. cxb3 Bb7 10. Nc3 axb5 11. Rxa8 Qxa8 12. Qxb5 Qa7 13. O-O Ba6 14. Qa4 Bxf1 15. Qxa7 Bxa7 16. Kxf1 d6 17. d3 Kd7 18. Be3 Bxe3 19. fxe3 Rb8 20. Nd2 Ng4 21. Ke2 Nxh2 22. d4 f6 23. Kd3 h5 24. Kc4 g5 25. Ne2 Ng4 26. Kd3 h4 27. Ng1 Ra8 28. Ngf3 Ra2 29. Nc4 Ra1 30. b4 Nf2+ 31. Ke2 Nxe4 32. Kd3 0-1

[Event "FIDE WCC Blitz Women 2019"]
[Site "Moscow"]
[Date "2019.12.29"]
[Round "1.17"]
[White "Saduakassova, Dinara"]
[Black "Karavaeva, Olga"]
[Result "1-0"]
[WhiteElo "2390"]
[BlackElo "2174"]
[Annotator "NA"]
[PlyCount "61"]
[EventDate "2019.12.29"]
[EventType "swiss"]
[EventCountry "RUS"]
[SourceTitle "playchess.com"]
[Source "ChessBase"]
[SourceQuality "1"]

1. d4 d5 2. c4 e6 3. Nf3 c6 4. e3 Nf6 5. b3 Nbd7 6. Bd3 Bd6 7. O-O O-O 8. Nbd2 Re8 9. Bb2 a5 10. e4 dxe4 11. Nxe4 Nxe4 12. Bxe4 Nf6 13. Bc2 h6 14. Re1 Qe7 15. Qd3 Ba3 16. Bxa3 Qxa3 17. c5 a4 18. Ne5 axb3 19. Bxb3 Rd8 20. Rad1 Nd7 21. Nc4 Qa6 22. Qe3 b5 23. Nd6 Nf6 24. h3 Bd7 25. Qe5 Rf8 26. Re3 Qa5 27. Rg3 Kh8 28. Rdd3 Qb4 29. Rdf3 Ne8 30. Nxe8 f6 31. Nxf6 1-0

[Event "FIDE WCC Blitz Women 2019"]
[Site "Moscow"]
[Date "2019.12.29"]
[Round "1.18"]
[White "Balaian, Alina"]
[Black "Cramling, Pia"]
[Result "0-1"]
[WhiteElo "2173"]
[BlackElo "2383"]
[Annotator "NA"]
[PlyCount "88"]
[EventDate "2019.12.29"]
[EventType "swiss"]
[EventCountry "RUS"]
[SourceTitle "playchess.com"]
[Source "ChessBase"]
[SourceQuality "1"]

1. e4 c5 2. Nf3 Nc6 3. d4 cxd4 4. Nxd4 Qb6 5. Nb3 Nf6 6. Nc3 e6 7. Be3 Qc7 8. Be2 a6 9. O-O b5 10. f3 d6 11. Qd2 Be7 12. Rad1 O-O 13. Nd4 Bb7 14. Qe1 Rac8 15. Bd3 Ne5 16. Qg3 Kh8 17. Nce2 Nc4 18. Bc1 d5 19. Qxc7 Rxc7 20. b3 Ne5 21. Bf4 Nfd7 22. exd5 Bxd5 23. Kh1 Rfc8 24. Rfe1 Bb4 25. Rf1 Ra7 26. Bg3 Be7 27. Rfe1 Bf6 28. h3 h5 29. f4 Nxd3 30. Rxd3 Nc5 31. Re3 Ne4 32. Bh2 h4 33. Bg1 Rac7 34. Kh2 g6 35. Nf3 Rxc2 36. Nfd4 Rxa2 37. Nc1 Rxc1 38. Rxc1 Bxd4 39. Rd3 Bxg1+ 40. Kxg1 Ng3 41. Rc8+ Kg7 42. Rxd5 exd5 43. Rd8 d4 44. Kh2 Ra1 0-1

[Event "FIDE WCC Blitz Women 2019"]
[Site "Moscow"]
[Date "2019.12.29"]
[Round "1.19"]
[White "Sargsyan, Anna"]
[Black "Ovod, Evgenija"]
[Result "1-0"]
[WhiteElo "1708"]
[BlackElo "2163"]
[Annotator "NA"]
[PlyCount "63"]
[EventDate "2019.12.29"]
[EventType "swiss"]
[EventCountry "RUS"]
[SourceTitle "playchess.com"]
[Source "ChessBase"]
[SourceQuality "1"]

1. d4 d5 2. c4 e6 3. Nf3 Nf6 4. Nc3 c5 5. cxd5 Nxd5 6. e4 Nxc3 7. bxc3 cxd4 8. cxd4 Bb4+ 9. Bd2 Bxd2+ 10. Qxd2 O-O 11. Bc4 Nd7 12. O-O b6 13. Rad1 Bb7 14. Rfe1 Rc8 15. Bd3 h6 16. Bb1 Re8 17. Qd3 Nf8 18. a4 Qc7 19. Qe3 Qc4 20. a5 bxa5 21. Ne5 Qc7 22. Bd3 Red8 23. h3 Nd7 24. Ng4 Qd6 25. Rb1 Rb8 26. d5 exd5 27. e5 Qc5 28. Qg3 Kh8 29. Qf4 Qe7 30. Nxh6 Rf8 31. Nf5 Qe6 32. Qh4+ 1-0

[Event "FIDE WCC Blitz Women 2019"]
[Site "Moscow"]
[Date "2019.12.29"]
[Round "1.20"]
[White "Nilssen, Ellen Fredericia"]
[Black "Paehtz, Elisabeth"]
[Result "0-1"]
[WhiteElo "2162"]
[BlackElo "2380"]
[Annotator "NA"]
[PlyCount "78"]
[EventDate "2019.12.29"]
[EventType "swiss"]
[EventCountry "RUS"]
[SourceTitle "playchess.com"]
[Source "ChessBase"]
[SourceQuality "1"]

1. d4 e6 2. c4 b6 3. Nf3 Bb7 4. a3 f5 5. Nc3 Nf6 6. g3 g6 7. Bg2 Bg7 8. O-O O-O 9. Bf4 Ne4 10. Rc1 Nxc3 11. Rxc3 Be4 12. Be5 Qe7 13. Bxg7 Qxg7 14. c5 Nc6 15. b4 Ne7 16. Rc1 Nd5 17. Ne5 Bxg2 18. Kxg2 d6 19. Nc6 Qd7 20. b5 a6 21. a4 axb5 22. axb5 f4 23. Qb3 Kg7 24. Ra1 Qf7 25. Rxa8 Rxa8 26. cxd6 cxd6 27. Nb4 Nxb4 28. Qxb4 Qb7+ 29. Kg1 Qd5 30. Rc1 fxg3 31. hxg3 Ra7 32. Qb2 h5 33. Rc6 Ra2 34. Rc7+ Kf6 35. Qc3 Rxe2 36. Kf1 Ra2 37. Kg1 h4 38. gxh4 Qe4 39. Qg3 Ra1+ 0-1

[Event "FIDE WCC Blitz Women 2019"]
[Site "Moscow"]
[Date "2019.12.29"]
[Round "1.21"]
[White "Bodnaruk, Anastasia"]
[Black "Styazhkina, Anna"]
[Result "1-0"]
[WhiteElo "2375"]
[BlackElo "2159"]
[Annotator "TA"]
[PlyCount "77"]
[EventDate "2019.12.29"]
[EventType "swiss"]
[EventCountry "RUS"]
[SourceTitle "playchess.com"]
[Source "ChessBase"]
[SourceQuality "1"]

1. e4 e5 2. Nf3 Nc6 3. Bb5 a6 4. Ba4 Nf6 5. O-O Bc5 6. c3 b5 7. Bb3 d6 8. a4 Rb8 9. d4 Bb6 10. a5 Ba7 11. Be3 Bg4 12. d5 Bxe3 13. fxe3 Ne7 14. Nbd2 O-O 15. c4 b4 16. Bc2 Nd7 17. Nb3 f5 18. exf5 Nxf5 19. Qe2 Qe7 20. e4 Nh4 21. Nbd2 Nc5 22. Qe3 Ng6 23. g3 Rf7 24. Ng5 Rxf1+ 25. Rxf1 h6 26. Ngf3 Rf8 27. b3 Bh3 28. Rf2 Qd7 29. Ne1 Rxf2 30. Qxf2 Ne7 31. Nef3 Nb7 32. Nh4 g5 33. Nf5 Bxf5 34. exf5 Kf7 35. f6 Ng6 36. Qf3 Nf8 37. Ne4 c5 38. dxc6 Qxc6 39. Nxg5+ 1-0

[Event "FIDE WCC Blitz Women 2019"]
[Site "Moscow"]
[Date "2019.12.29"]
[Round "1.22"]
[White "Sgircea, Silvia-Raluca"]
[Black "Zatonskih, Anna"]
[Result "1-0"]
[WhiteElo "2154"]
[BlackElo "2374"]
[Annotator "NA"]
[PlyCount "59"]
[EventDate "2019.12.29"]
[EventType "swiss"]
[EventCountry "RUS"]
[SourceTitle "playchess.com"]
[Source "ChessBase"]
[SourceQuality "1"]

1. Nf3 d5 2. e3 Nf6 3. c4 e6 4. Nc3 b6 5. b3 Bb7 6. Bb2 a6 7. d4 Be7 8. cxd5 exd5 9. g3 O-O 10. Bg2 Re8 11. O-O Bd6 12. Rc1 Nbd7 13. Ne2 Qe7 14. Nf4 a5 15. Re1 a4 16. Nd3 axb3 17. axb3 Ra2 18. Ra1 Rea8 19. Rxa2 Rxa2 20. Qb1 Ra8 21. Qc2 Ne4 22. Nfe5 f6 23. Nc6 Qe8 24. b4 Nb8 25. Nxb8 Rxb8 26. Rc1 Ba6 27. Qb3 Bc4 28. Qc2 Ra8 29. Bf1 b5 30. Ra1 1-0

[Event "FIDE WCC Blitz Women 2019"]
[Site "Moscow"]
[Date "2019.12.29"]
[Round "1.24"]
[White "Manakova, Maria"]
[Black "Gunina, Valentina"]
[Result "0-1"]
[WhiteElo "2149"]
[BlackElo "2366"]
[Annotator "NA"]
[PlyCount "50"]
[EventDate "2019.12.29"]
[EventType "swiss"]
[EventCountry "RUS"]
[SourceTitle "playchess.com"]
[Source "ChessBase"]
[SourceQuality "1"]

1. e4 c6 2. d4 d5 3. exd5 cxd5 4. c4 Nf6 5. Nc3 g6 6. cxd5 Nxd5 7. Nf3 Bg7 8. Be2 O-O 9. O-O Nc6 10. a3 Bf5 11. Bg5 Qd6 12. Nb5 Qd7 13. Qd2 Rad8 14. Rfd1 Nf6 15. Bh4 Be4 16. Bg3 a6 17. Nc3 Bxf3 18. Bxf3 Nxd4 19. Qe3 Nxf3+ 20. Qxf3 Qc8 21. Na4 Qc2 22. Nc3 Qxb2 23. Rdb1 Qc2 24. Ra2 Qd3 25. Rxb7 Qxc3 0-1